[Event "HCL-E1556"]
[Site "www.playchess.de"]
[Date "2006.01.31"]
[Round "12"]
[White "Emerson"]
[Black "Matu"]
[WhiteElo "1766"]
[BlackElo "1551"]
[PlyCount "43"]
[Result "1/2-1/2"]

1.c4 {Hallo, alter Schwede! Begrüße Dich zu 
unserer 11. "Party"! Habe "leider" Weiß, sodass 
ich nicht versuchen kann, Dich als Schwarzer mal 
zu besiegen. 
Auf ein weiteres interessantes 
Spiel!
(Unsere Bilanz ist ja recht knapp.)
Aus Dortmund grüßt > Norbert}  Nf6 {Hallo aus dem 
saukalten Amberg! ich hoffe nach der Partie ist 
unsere Bilanz nicht mehr knapp sondern 
ausgeglichen! Viel Glück!}  2.Nc3 {Danke, freue 
mich   
:-))}  e6 3.e4 d5 4.e5 d4 5.exf6 dxc3 6.fxg7 cxd2+ 
7.Qxd2 Qxd2+ 8.Bxd2 Bxg7 9.O-O-O b6 10.Nf3 Bb7 
11.Be2 Nd7 12.Rhe1 O-O-O 13.Bf4 h6 14.Nh4 Bf6 
15.Nf3 Rhg8 16.g3 Bg5 17.Nxg5 hxg5 18.Bd2 g4 
19.Bc3 Nc5 20.Rxd8+ Kxd8 21.Bf6+ Kc8 22.Bh4 
{(offering draw)}  1/2-1/2

[Event "HCL-C3990"]
[Site "www.playchess.de"]
[Date "2006.01.31"]
[Round "7"]
[White "MAISABI"]
[Black "adtt"]
[WhiteElo "800"]
[BlackElo "800"]
[PlyCount "66"]
[Result "0-1"]

1.e4 e5 2.a3 Nf6 3.d3 Nc6 4.Nf3 d6 5.h3 b6 6.c3 h6 
7.d4 Nxe4 8.Qe2 Nf6 9.Qb5 Bd7 10.Qe2 Be7 11.dxe5 
dxe5 12.Nxe5 O-O 13.g3 Bd6 14.Bf4 Re8 15.Bg2 Bxe5 
16.O-O Bxf4 17.Qd3 Bd6 18.Nd2 Qe7 19.Rae1 Qxe1 
20.Rxe1 Rxe1+ 21.Bf1 Bxh3 22.Qb5 Ne5 23.b3 Nf3+ 
24.Nxf3 Bxf1 25.c4 Bxc4+ 26.Nxe1 Bxb5 27.a4 
{(offering draw)}  Be2 28.f3 Bxg3 29.Ng2 Re8 
30.Nf4 Bxf3 31.Nd3 Re3 32.Kf1 Rxd3 33.Kg1 
Rd1+ 0-1

[Event "HCL-C4104"]
[Site "www.playchess.de"]
[Date "2006.01.31"]
[Round "4"]
[White "Milosforman"]
[Black "Ulpe"]
[WhiteElo "962"]
[BlackElo "1561"]
[PlyCount "42"]
[Result "0-1"]

1.d4 Nf6 2.c4 e6 3.Nc3 d5 4.c5 b6 5.Bg5 bxc5 
6.dxc5 Bxc5 7.Na4 Bxf2+ 8.Kxf2 Ne4+ 9.Ke1 Qxg5 
10.Rc1 Qe3 11.Nh3 e5 12.Rxc7 Bxh3 13.Qd3 Qf2+ 
14.Kd1 Qf4 15.Qb5+ Bd7 16.Rc8+ Ke7 17.Qb4+ Kf6 
18.Rxh8 Nf2+ 19.Kc2 Qxb4 20.Rg1 Bf5+ 21.Kc1 
Qe1+ 0-1

[Event "HCL-E1544"]
[Site "www.playchess.de"]
[Date "2006.01.31"]
[Round "15"]
[White "Matu"]
[Black "chess50"]
[WhiteElo "1494"]
[BlackElo "2155"]
[PlyCount "88"]
[Result "0-1"]

1.Nf3 d5 2.b3 Bg4 3.Bb2 Nd7 4.h3 Bh5 5.g4 Bg6 
6.Bg2 e6 7.O-O Ngf6 8.e3 Bd6 9.d4 h5 10.g5 Ne4 
11.Nbd2 Nxg5 12.Nxg5 Qxg5 13.f4 Qg3 14.Rf3 Qh4 
15.c4 Nf6 16.Qe1 Qxe1+ 17.Rxe1 h4 18.c5 Be7 19.b4 
c6 20.a4 Bd3 21.Bf1 Bc2 22.Ra1 Nh5 23.Be2 Bf5 
24.Nf1 Be4 25.Rf2 Ng3 26.Bf3 a5 27.b5 cxb5 28.axb5 
Bd3 29.Nxg3 hxg3 30.Rg2 Rxh3 31.Bc3 a4 32.b6 g5 
33.Bg4 Rh8 34.Rxg3 gxf4 35.exf4 Be4 36.Be2 Rh1+ 
37.Kf2 Bh4 38.Rxh1 Bxh1 39.Bf3 Bxg3+ 40.Kxg3 Bxf3 
41.Kxf3 Kd7 42.Kg4 Rg8+ 43.Kf3 a3 44.Ke2 
a2 0-1

[Event "HCL-B3819"]
[Site "www.playchess.de"]
[Date "2006.01.31"]
[Round "9"]
[White "Snillie"]
[Black "learche"]
[WhiteElo "1479"]
[BlackElo "1423"]
[PlyCount "62"]
[Result "0-1"]

1.c4 e5 2.g3 Bc5 3.Bg2 d6 4.Nc3 c6 5.e3 a6 6.d4 
exd4 7.exd4 Ba7 8.Nge2 Bg4 9.O-O Nf6 10.Bg5 h6 
11.Be3 Qd7 12.Re1 O-O 13.Qd2 Qf5 14.Rad1 Nbd7 
15.Qd3 Qh5 16.Nf4 Qa5 17.h3 Bxd1 18.Rxd1 Rae8 
19.b3 Red8 20.Re1 Ne5 21.Qc2 Ned7 22.Nd3 Qf5 23.g4 
Nxg4 24.hxg4 Qxg4 25.Qe2 Nf6 26.Ne4 Qg6 27.Nf4 Qf5 
28.Ng3 Qa5 29.Nfh5 Nxh5 30.Nxh5 Kh8 31.Qg4 
Qxe1+ 0-1

[Event "HCL-A2556"]
[Site "www.playchess.de"]
[Date "2006.01.31"]
[Round "5"]
[White "Kinslayer"]
[Black "Serger"]
[WhiteElo "1714"]
[BlackElo "1355"]
[PlyCount "51"]
[Result "1-0"]

1.d4 Nf6 2.Bf4 e6 3.e3 d5 4.Nd2 c5 5.c3 Nc6 6.Ngf3 
cxd4 7.exd4 Be7 8.Bd3 O-O 9.O-O a6 10.a4 Bd7 
11.Ne5 Bd6 12.Nxf7 Rxf7 13.Bxd6 Qb6 14.Ba3 e5 
15.dxe5 Nxe5 16.Be2 Ne4 17.Nxe4 dxe4 18.Qd4 Qxd4 
19.cxd4 Nc6 20.Bc4 Nxd4 21.Bxf7+ Kxf7 22.Rfd1 Nc2 
23.Rxd7+ Ke6 24.Rad1 e3 25.fxe3 Nxe3 
26.Re7+ 1-0

[Event "ACL-E216"]
[Site "www.playchess.de"]
[Date "2006.01.31"]
[Round "3"]
[White "chessnuts"]
[Black "Walter"]
[WhiteElo "1916"]
[BlackElo "1920"]
[PlyCount "25"]
[Result "1-0"]

1.d4 {Hi!...good game}  d5 {Hi...Let the games 
begin...}  2.c4 e6 3.Nc3 Nf6 4.Nf3 Bd6 5.Bg5 c6 
6.e3 Nbd7 7.Bd3 O-O 8.O-O h6 9.Bh4 dxc4 10.Bxc4 
Qc7 11.Bb3 b5 12.e4 b4 13.e5 1-0

[Event "HCL-E1560"]
[Site "www.playchess.de"]
[Date "2006.01.31"]
[Round "10"]
[White "Tarrega"]
[Black "redstar"]
[WhiteElo "1600"]
[BlackElo "1730"]
[PlyCount "48"]
[Result "0-1"]

1.e4 c5 2.Nf3 e6 3.d4 cxd4 4.Nxd4 Nf6 5.Nc3 d6 
6.g4 Nc6 7.g5 Nd7 8.Be3 Be7 9.Rg1 Nb6 10.Qh5 g6 
11.Qe2 e5 12.Nb3 Be6 13.O-O-O Nc4 14.Nc5 Nxe3 
15.Nxe6 fxe6 16.Qxe3 Rf8 17.Qh3 Bxg5+ 18.Kb1 Qe7 
19.Nb5 O-O-O 20.Bc4 Kb8 21.Bxe6 a6 22.Nc3 Nd4 
23.Nd5 Qxe6 24.Qxh7 Rd7 0-1

[Event "HCL-C4090"]
[Site "www.playchess.de"]
[Date "2006.01.31"]
[Round "5"]
[White "epenz"]
[Black "spartan1"]
[WhiteElo "952"]
[BlackElo "928"]
[PlyCount "56"]
[Result "0-1"]

1.e4 {hi}  d5 {Hello again.}  2.exd5 Qxd5 3.d3 e5 
4.Nc3 Qc6 5.f4 Nd7 6.fxe5 Nxe5 7.Qe2 f6 8.Nf3 Bg4 
9.Ne4 O-O-O 10.h3 Bb4+ 11.c3 Bxc3+ 12.Nxc3 Nxf3+ 
13.gxf3 Bxf3 14.Qf2 Bxh1 15.Bd2 Re8+ 16.Be2 Bf3 
17.Be3 Bxe2 18.Qxe2 Qh1+ 19.Qf1 Qxf1+ 20.Kxf1 Rxe3 
21.Rd1 a6 22.Kg2 Nh6 23.d4 Nf5 24.d5 Rd8 25.a4 Nd6 
26.h4 Nc4 27.Kf2 Rh3 28.b3 Rxc3 0-1

[Event "HCL-C4109"]
[Site "www.playchess.de"]
[Date "2006.01.31"]
[Round "20"]
[White "spartan1"]
[Black "Skipper_Robert"]
[WhiteElo "911"]
[BlackElo "997"]
[PlyCount "82"]
[Result "0-1"]

1.d4 d5 2.Nc3 Nf6 3.Nf3 e6 4.a3 Nc6 5.Ne5 Bd6 
6.Nxc6 bxc6 7.Bg5 Be7 8.Qd3 Rb8 9.b4 Ng4 10.Bxe7 
Qxe7 11.g3 e5 12.Bh3 Nf6 13.Bxc8 Rxc8 14.O-O O-O 
15.Qa6 exd4 16.Na4 d3 17.cxd3 Qxe2 18.Nc5 Ng4 
19.Qxc6 Nf6 20.Nd7 Nxd7 21.Qxd7 Qxd3 22.Rad1 Qxa3 
23.Rdb1 Rfd8 24.Qc6 Rd6 25.Qb7 Rdd8 26.b5 d4 
27.Qe4 d3 28.Qe3 Rde8 29.Qd2 Re7 30.Rba1 Qb3 
31.Rxa7 Qxb5 32.Rfa1 Qd5 33.R1a5 Qd8 34.R5a3 Rd7 
35.Kg2 h6 36.h4 {You are sure NOT making this 
easy.}  Rd4 37.R3a1 Qd5+ 38.Kg1 c6 39.R7a8 Rxa8 
40.Rxa8+ Kh7 41.Ra5 {You are just too good for me. 
Good game and I will resign after the next move. 
Good luck in the future.}  c5 {I can´t believe it} 
 0-1

[Event "HCL-C3980"]
[Site "www.playchess.de"]
[Date "2006.01.31"]
[Round "3"]
[White "Dereck"]
[Black "alby"]
[WhiteElo "1371"]
[BlackElo "800"]
[PlyCount "69"]
[Result "1-0"]

1.d4 d5 2.Nc3 Nf6 3.Nf3 e6 4.Bf4 a6 5.Bg5 h6 6.Bh4 
Be7 7.e3 Nc6 8.Be2 O-O 9.Na4 b5 10.Bxf6 Bxf6 
11.Nc5 Be7 12.Nd3 Na5 13.Nde5 Bd6 14.b3 Bb7 15.Qd2 
Qe7 16.O-O Nc6 17.Ng4 f5 18.Nge5 Nxe5 19.Nxe5 Bxe5 
20.dxe5 Rad8 21.f4 c5 22.c4 dxc4 23.Qc3 Be4 
24.bxc4 b4 25.Qb3 a5 26.Qa4 Rda8 27.a3 Qb7 28.Bf3 
Bxf3 29.Rxf3 Rfe8 30.Rb1 Qe4 31.Ra1 Qxc4 32.Rg3 
Red8 33.Qc6 Qd5 34.Qa4 Qd2 35.Qc6 1-0

[Event "HCL-C3980"]
[Site "www.playchess.de"]
[Date "2006.01.31"]
[Round "6"]
[White "alby"]
[Black "JerryReneau"]
[WhiteElo "800"]
[BlackElo "1117"]
[PlyCount "78"]
[Result "0-1"]

1.e4 e5 2.Bc4 d6 3.Nf3 h6 4.Nc3 f5 5.d3 f4 6.h3 
Qe7 7.O-O Be6 8.Nd5 Bxd5 9.Bxd5 c6 10.Bxg8 Rxg8 
11.b3 Nd7 12.Ba3 O-O-O 13.Nh2 Qe6 14.Bb2 g5 15.f3 
d5 16.a4 Bc5+ 17.Kh1 d4 18.c3 dxc3 19.Bxc3 Bd4 
20.Bxd4 exd4 21.Ng4 Ne5 22.Nxe5 Qxe5 23.b4 b6 
24.a5 bxa5 25.bxa5 h5 26.Qb3 Rg7 27.Rab1 Qc7 
28.Qe6+ Rdd7 29.Rfc1 Rge7 30.Qc4 Qxa5 31.Rba1 Qc7 
32.Qa6+ Kd8 33.Rxc6 Qb7 34.Qxb7 Rdxb7 35.Rg6 Rb5 
36.Rg8+ Kd7 37.Rxa7+ Ke6 38.Ra3 Kf6 39.Rga8 
g4 0-1

[Event "HCL-B3824"]
[Site "www.playchess.de"]
[Date "2006.01.31"]
[Round "8"]
[White "Ivan_Lacerda"]
[Black "Bense"]
[WhiteElo "1180"]
[BlackElo "1068"]
[PlyCount "105"]
[Result "1-0"]

1.e4 {Hi friend!   happy new year!!!}  e5 {Happy 
New Year to you also!}  2.Nf3 d6 3.h3 c6 4.d4 f6 
5.d5 Ne7 6.c4 cxd5 7.cxd5 Nd7 8.b4 a6 9.a4 Qb6 
10.Ba3 a5 11.b5 f5 12.Bd3 fxe4 13.Bxe4 g6 14.Nbd2 
Bg7 15.Nc4 Qd8 16.Nxd6+ Kf8 17.Ng5 Qb6 18.Qf3+ Bf6 
19.Ne6+ Kg8 20.Nc4 Qd4 21.Nxd4 exd4 {How stupid 
was that?}  22.Bxe7 {Naturally you didn´t see...I 
think...}  Bxe7 {No I missed that.}  23.d6 {Oh, 
I´m so sorry. Now is very hard your condition.}  
Bf6 24.O-O Rb8 25.Qb3 Nc5 26.Qa2 Be6 27.Qc2 b6 
28.Bxg6 hxg6 29.Qxg6+ Bg7 30.Ne5 d3 31.d7 Bxd7 
32.Qf7+ Kh7 33.Nxd7 Nxd7 34.Qxd7 Rbd8 35.Qf7 Rhf8 
36.Qh5+ Bh6 37.g4 Kg7 38.g5 Bxg5 39.Qxg5+ Kf7 
40.Kh2 Rfe8 41.Qf5+ Ke7 42.Rfe1+ Kd6 43.Qxd3+ Kc7 
44.Rac1+ Kb7 45.Qh7+ Kb8 46.Rxe8 Rxe8 47.Qd7 Rg8 
48.Qd6+ Kb7 49.Qd5+ Kb8 50.Qxg8+ Kb7 51.Rd1 Kc7 
52.Qf7+ Kb8 53.Rd8+ 1-0

[Event "HCL-A2572"]
[Site "www.playchess.de"]
[Date "2006.01.31"]
[Round "2"]
[White "foinaven"]
[Black "pawnstorm"]
[WhiteElo "1415"]
[BlackElo "1521"]
[PlyCount "61"]
[Result "1-0"]

1.d4 Nf6 2.c4 c5 3.d5 Ne4 4.Qc2 Qa5+ 5.Nd2 Nd6 
6.e4 g6 7.Bd3 b5 8.b3 Bg7 9.Bb2 Bxb2 10.Qxb2 O-O 
11.Ngf3 bxc4 12.bxc4 Ba6 13.O-O Ne8 14.Rfe1 d6 
15.a4 Nd7 16.e5 Rb8 17.Nb3 Qb4 18.Qd2 Bxc4 19.Bxc4 
Qxc4 20.Na5 Qb4 21.Qxb4 Rxb4 22.Nc6 Rb7 23.Rab1 
Rxb1 24.Nxe7+ Kg7 25.Rxb1 Nxe5 26.Nxe5 dxe5 27.Rc1 
Nd6 28.Rxc5 Re8 29.Nc6 Rc8 30.Ra5 Rc7 
31.Rxa7 1-0

[Event "HCL-B3808"]
[Site "www.playchess.de"]
[Date "2006.01.31"]
[Round "10"]
[White "azary"]
[Black "knoppe"]
[WhiteElo "1201"]
[BlackElo "1239"]
[PlyCount "90"]
[Result "0-1"]

1.e4 e5 2.Nf3 f5 3.Nxe5 Nc6 4.Qh5+ g6 5.Nxg6 Nf6 
6.Qh4 Rg8 7.Qxh7 Nxh7 8.exf5 d6 9.Nxf8 Rxf8 10.Kd1 
Bxf5 11.d3 Qd7 12.h3 O-O-O 13.f4 Rde8 14.Nc3 Qe6 
15.Bd2 Re7 16.g4 Bg6 17.f5 Bxf5 18.gxf5 Qxf5 
19.Be2 Qf2 20.Bg4+ Kb8 21.Ne4 Qg2 22.Re1 Rf1 23.c4 
Rxe1+ 24.Bxe1 Nb4 25.Bxb4 Qf1+ 26.Be1 Qxd3+ 27.Nd2 
Nf6 28.Rc1 Nxg4 29.hxg4 Rg7 30.Rc3 Qg6 31.Rg3 b6 
32.Rg1 Kb7 33.Kc1 Qe6 34.g5 Qe3 35.Rf1 Rxg5 36.Kc2 
Rg2 37.Bf2 Rxf2 38.Rxf2 Qxf2 39.a3 a5 40.a4 d5 
41.cxd5 Qc5+ 42.Kd1 Qxd5 43.b3 c6 44.Kc2 b5 
45.axb5 cxb5 0-1

[Event "HCL-T251"]
[Site "www.playchess.de"]
[Date "2006.01.31"]
[Round "2"]
[White "abebebikila"]
[Black "ETC_Chess"]
[WhiteElo "1724"]
[BlackElo "2146"]
[PlyCount "38"]
[Result "0-1"]

1.e4 e5 2.Nf3 f5 3.Nxe5 Qf6 {Hello again and good 
luck!}  4.Nc4 fxe4 5.Nc3 Qf7 6.Ne3 c6 7.Nxe4 d5 
8.Ng5 Qf6 9.Nf3 d4 10.Nc4 Be7 11.c3 Bg4 12.Be2 
Bxf3 13.Bxf3 d3 14.O-O Nd7 15.Qb3 O-O-O 16.Na5 Nc5 
17.Qc4 Nh6 18.b4 b5 19.Bg4+ Kc7 0-1

[Event "HCL-C4016"]
[Site "www.playchess.de"]
[Date "2006.01.31"]
[Round "33"]
[White "Mercator"]
[Black "newplayer"]
[WhiteElo "1042"]
[BlackElo "1085"]
[PlyCount "61"]
[Result "1-0"]

1.d4 {Nice game to you!}  d5 {thank you i wish you 
the same}  2.c4 e6 3.Nf3 Bb4+ 4.Bd2 Bxd2+ 5.Nbxd2 
Nf6 6.e3 Ne4 7.Bd3 Nxd2 8.Qxd2 O-O 9.O-O dxc4 
10.Bxc4 a6 11.a4 Bd7 12.b3 b5 13.axb5 Bc8 14.bxa6 
Nxa6 15.Qd3 Nb4 16.Qc3 Rxa1 17.Rxa1 Qd6 18.Ra4 c5 
19.h3 Bb7 20.dxc5 Qxc5 21.Qxb4 Qc8 22.Ne5 f6 
23.Ra7 Bd5 24.Rxg7+ Kxg7 25.Qe7+ Kh6 26.Ng4+ Kg5 
27.Qg7+ Kf5 28.Qxh7+ Kg5 29.Qh6+ Kf5 30.Bd3+ Be4 
31.Qh5+ 1-0

[Event "HCL-E1522"]
[Site "www.playchess.de"]
[Date "2006.01.31"]
[Round "13"]
[White "Gio"]
[Black "Emerson"]
[WhiteElo "2000"]
[BlackElo "1780"]
[PlyCount "34"]
[Result "0-1"]

1.d4 Nf6 {welcome!}  2.c4 e6 3.Nf3 {thanks you}  
Bb4+ 4.Bd2 Qe7 5.a3 Bxd2+ 6.Nbxd2 b6 7.e4 O-O 
8.Bd3 c5 9.e5 Ne8 10.d5 exd5 11.cxd5 d6 12.O-O 
dxe5 13.Re1 f6 14.Bc4 Nd6 15.Ba2 Bg4 {happy new 
year to chile!}  16.Ne4 {Happy new year there too 
:)}  Na6 17.Qd3 Nc7 0-1

[Event "HCL-E1544"]
[Site "www.playchess.de"]
[Date "2006.01.31"]
[Round "5"]
[White "Matu"]
[Black "hal1958"]
[WhiteElo "1494"]
[BlackElo "1444"]
[PlyCount "123"]
[Result "1-0"]

1.Nf3 d5 2.b3 c5 3.Bb2 Bf5 4.e3 a6 5.d4 b6 6.Bd3 
Bxd3 7.Qxd3 Nf6 8.Nbd2 e6 9.c4 Be7 10.O-O O-O 
11.Ne5 dxc4 12.Ndxc4 b5 13.Nd2 Nd5 14.a3 Nd7 
15.Nc6 Qe8 16.Nxe7+ Qxe7 17.dxc5 Nxc5 18.Qd4 Nf6 
19.a4 Rfd8 20.Qb4 Nd5 21.Qa3 b4 22.Qa2 a5 23.Nc4 
Ne4 24.Bd4 Rdc8 25.Rac1 Nec3 26.Bxc3 Nxc3 27.Rxc3 
bxc3 28.Nb6 c2 29.Nxc8 Rxc8 30.Rc1 Qb4 31.h3 Qd2 
32.Qb2 Rc3 33.Kh2 h6 34.Kg3 Rxb3 35.Qxc2 Qxc2 
36.Rxc2 Rb4 37.Ra2 Kf8 38.Kf3 Ke7 39.Ke2 Kd6 
40.Kd3 f5 41.Kc3 Kc5 42.f3 g5 43.Ra1 h5 44.Ra2 e5 
45.Ra1 g4 46.fxg4 fxg4 47.hxg4 Rxg4 48.Ra2 h4 
49.Kb3 Kd5 50.Rc2 Rb4+ 51.Ka3 Re4 52.Rc3 Rg4 
53.Rb3 Rxg2 54.Rb5+ Ke4 55.Rxa5 h3 56.Ra8 h2 
57.Rh8 Kxe3 58.a5 Kf2 59.a6 Rg3+ 60.Kb4 Kg2 61.a7 
Rh3 62.a8Q+ 1-0

[Event "HCL-M878"]
[Site "www.playchess.de"]
[Date "2006.01.31"]
[Round "4"]
[White "ZorMaster"]
[Black "maik42_"]
[WhiteElo "1783"]
[BlackElo "2187"]
[PlyCount "62"]
[Result "0-1"]

1.e4 {gg & gl, greetings}  d6 {thx u 2}  2.d4 g6 
3.c4 Nf6 4.Nc3 Bg7 5.Bd3 O-O 6.Nge2 Nc6 7.O-O e5 
8.d5 Nd4 9.Nxd4 exd4 10.Nb5 Re8 11.Re1 {Any 
naughty plans for this new born year? >:))  * grin 
*}  a6 {no nothing special :-)}  12.Nxd4 {any 
wishes is always speculating, right? We never know 
what future brings us.}  Nxd5 {true}  13.cxd5 Bxd4 
14.Qa4 Be5 15.f4 Bg7 16.Qc2 Bd7 17.Bd2 c6 18.Qb3 
cxd5 19.exd5 Rxe1+ 20.Rxe1 Bd4+ 21.Kh1 b5 22.f5 
Be5 23.fxg6 hxg6 24.g3 Rc8 25.Rf1 Qb6 26.Kg2 Qd4 
27.Bb4 {not simple. a draw is max i can reach, if 
i can manage....}  Kg7 {i think f5 wasnt so good 
for u...but still hard to win for me}  28.Be2 {i 
calculated a loss. Too many e mail players are 
better in theoretical knowledge then we otb 
players, compliments :>) I'll try hard :>)}  Qe4+ 
{its not the knowledge...u r allowed to use books 
and databases...btw i play otb too}  29.Qf3 {i 
see. But i suppose that you are a real expert otb 
player.I am one too and use this for my 
theoretical background and new lines to develope 
these.}  Qxf3+ {i am not a expert. i start reading 
books 6 years ago, played my first tournament last 
year, i did beat 2 elo 2050-2100 guys and lost 
against 2 others there. i just know a few openings 
and try to learn more here..}  30.Kxf3 {well my 
compliments. I am woman int.master and you playing 
very good indeed. Lovely to see how you gonna beat 
me here ;))}  Rc2 {i did never lost against a 
woman in OTB games...hmm...mabey its cause i did 
never play one ;-)}  31.Ba3 {lol! hehehe, nice 
one. :))}  a5 {;-)}  0-1

[Event "HCL-C4043"]
[Site "www.playchess.de"]
[Date "2006.01.31"]
[Round "7"]
[White "valpa"]
[Black "daveboy6968"]
[WhiteElo "1106"]
[BlackElo "1014"]
[PlyCount "85"]
[Result "1-0"]

1.b4 {Welcome to the new game}  d5 {hi and good 
luck :-)}  2.Bb2 f6 3.e3 Bf5 4.Nf3 c6 5.c4 dxc4 
6.Bxc4 Nh6 7.O-O b5 8.Bb3 e5 9.Nh4 Bd3 10.Re1 Na6 
11.a3 Bd6 12.Bc2 Bc4 13.Nf5 Nxf5 14.Bxf5 O-O 15.d4 
exd4 16.Bxd4 g6 17.Be4 Bd5 18.Bxd5+ cxd5 19.Nd2 
Nc7 20.Nf3 a5 21.Qb3 a4 22.Qa2 Ne6 23.Rac1 Nxd4 
24.Nxd4 Rc8 25.g3 Rxc1 26.Rxc1 Qa8 27.Rc6 Be5 
28.Qxd5+ Kg7 29.Ne6+ Kg8 30.Nc7+ Kg7 31.Nxa8 Rxa8 
32.Rc7+ Bxc7 33.Qxa8 Be5 34.Qxa4 Bc3 35.Qxb5 Be1 
36.a4 f5 37.a5 Bc3 38.a6 Bf6 39.a7 Kh6 40.a8Q Kg5 
41.Qf8 h5 42.Qc4 f4 43.Qxf4+ 1-0

[Event "HCL-C3940"]
[Site "www.playchess.de"]
[Date "2006.01.31"]
[Round "15"]
[White "valpa"]
[Black "Milosforman"]
[WhiteElo "1170"]
[BlackElo "1040"]
[PlyCount "104"]
[Result "0-1"]

1.b4 {Hi}  d5 2.Bb2 c6 3.e3 Bf5 4.Nf3 f6 5.Nd4 Qb6 
6.Nxf5 g6 7.Nd4 Qxb4 8.Ba3 Qa5 9.c3 Nd7 10.Ne6 c5 
11.Nxf8 Nxf8 12.Be2 c4 13.O-O O-O-O 14.Bb4 Qb6 
15.Bxe7 Nxe7 16.Na3 f5 17.Rb1 Qc5 18.Nc2 b5 19.Nd4 
Nc6 20.Nxc6 Qxc6 21.Ra1 Ne6 22.Bf3 Ng5 23.h3 Nxf3+ 
24.Qxf3 h5 25.Rfe1 Rde8 26.Qe2 f4 27.Qd1 Rhf8 
28.exf4 Rxe1+ 29.Qxe1 Re8 30.Qd1 Re4 31.g3 h4 
32.Qg4+ Kb7 33.Qxh4 Re2 34.Rd1 Qc5 35.g4 b4 
36.Qh7+ Ka6 37.Qh4 bxc3 38.dxc3 Rxa2 39.Qf6+ Kb5 
40.Qd4 Qxd4 41.Rxd4 Kc5 42.Rd1 a5 43.f5 gxf5 
44.gxf5 Rc2 45.f6 Rxc3 46.Kg2 Rb3 47.Ra1 c3 48.f7 
Rb8 49.Re1 Rf8 50.Rc1 d4 51.Kf1 Rxf7 52.Ke2 
Kc4 0-1

[Event "HCL-C3985"]
[Site "www.playchess.de"]
[Date "2006.01.31"]
[Round "23"]
[White "valpa"]
[Black "Milosforman"]
[WhiteElo "1082"]
[BlackElo "1006"]
[PlyCount "77"]
[Result "1-0"]

1.b4 d5 2.Bb2 e6 3.e3 Bxb4 4.Bxg7 Nf6 5.Bxh8 Ne4 
6.Bb2 c5 7.c3 Ba5 8.Qa4+ Bd7 9.Bb5 Bxb5 10.Qxb5+ 
Nc6 11.Qe2 Qg5 12.Nf3 Qxg2 13.Rg1 Qh3 14.Rg8+ Kd7 
15.Rxa8 Qg2 16.Rh8 Qg7 17.c4 f6 18.Rxh7 Qxh7 
19.Nc3 Nxc3 20.Bxc3 Bxc3 21.dxc3 Kd6 22.cxd5 exd5 
23.Rd1 b5 24.e4 d4 25.cxd4 Nxd4 26.Nxd4 cxd4 
27.Qxb5 Qxe4+ 28.Qe2 Qh1+ 29.Kd2 Qxh2 30.Qa6+ Ke5 
31.Qe2+ Kd5 32.Qf3+ Kd6 33.Qxf6+ Kc5 34.Rc1+ Kd5 
35.Qc6+ Ke5 36.Rc5+ Kf4 37.Qf6+ Kg4 38.Rg5+ Kh3 
39.Qh6+ 1-0

[Event "HCL-A2564"]
[Site "www.playchess.de"]
[Date "2006.01.31"]
[Round "31"]
[White "GCP"]
[Black "scotty4u"]
[WhiteElo "1413"]
[BlackElo "1332"]
[PlyCount "23"]
[Result "1-0"]

1.e4 {hi again, good game}  e5 2.Nf3 Nc6 3.d4 exd4 
4.Bc4 Bb4+ 5.c3 dxc3 6.O-O cxb2 7.Bxb2 f6 8.e5 f5 
9.e6 dxe6 10.Bxg7 Nge7 11.Bxh8 Ng6 
12.Bb2 1-0

[Event "HCL-C4109"]
[Site "www.playchess.de"]
[Date "2006.01.31"]
[Round "9"]
[White "Skipper_Robert"]
[Black "Milosforman"]
[WhiteElo "997"]
[BlackElo "958"]
[PlyCount "55"]
[Result "1-0"]

1.e4 c5 2.d3 e6 3.Nf3 d6 4.Be3 b5 5.d4 c4 6.c3 Be7 
7.b3 d5 8.e5 f6 9.Be2 Ba6 10.O-O fxe5 11.dxe5 Nc6 
12.Qd2 Bh4 13.g3 Be7 14.a4 h6 15.bxc4 bxc4 16.Nd4 
Nxd4 17.Qxd4 Bg5 18.Nd2 Bxe3 19.fxe3 Ne7 20.Qg4 g5 
21.Qxe6 Qd7 22.Qxa6 Nf5 23.Qg6+ Kd8 24.Rxf5 Re8 
25.Bg4 Qc7 26.Rf7 Qb6 27.Rd7+ Kc8 
28.Qxe8+ 1-0

[Event "HCL-C4109"]
[Site "www.playchess.de"]
[Date "2006.01.31"]
[Round "8"]
[White "DaLyrik"]
[Black "Skipper_Robert"]
[WhiteElo "760"]
[BlackElo "997"]
[PlyCount "60"]
[Result "0-1"]

1.e4 e5 2.Nf3 d6 3.d3 Nf6 4.c4 Nc6 5.a3 Be6 6.Be3 
Be7 7.b4 a6 8.c5 O-O 9.Bg5 d5 10.exd5 Bxd5 11.Nbd2 
h6 12.Bxf6 Bxf6 13.Rb1 b5 14.g3 Qe7 15.Bg2 e4 
16.dxe4 Bxe4 17.O-O Bxb1 18.Qxb1 Rad8 19.Re1 Qd7 
20.Ne4 Rfe8 21.Nxf6+ gxf6 22.Rxe8+ Qxe8 23.Qa1 f5 
24.h4 Rd3 25.Ne1 Rd2 26.Nf3 Rc2 27.Qb1 Qe2 28.Kh2 
Qxf2 29.Qg1 Qe2 30.Qe1 Qxg2+ 0-1

[Event "HCL-B3857"]
[Site "www.playchess.de"]
[Date "2006.01.31"]
[Round "2"]
[White "Sporang"]
[Black "evets"]
[WhiteElo "1026"]
[BlackElo "1392"]
[PlyCount "112"]
[Result "0-1"]

1.e4 e6 2.d4 d5 3.e5 c5 4.c3 Qb6 5.b3 Nc6 6.Nf3 
Bd7 7.Be2 Rc8 8.Nbd2 cxd4 9.cxd4 Nb4 10.Ba3 Nc2+ 
11.Kf1 Nxa3 12.Rc1 Bb4 13.Rxc8+ Bxc8 14.g3 Bxd2 
15.Qxd2 Bd7 16.Kg2 Bb5 17.Bxb5+ Nxb5 18.Rc1 Ne7 
19.a4 Nc7 20.Qc3 Na6 21.b4 Qxb4 22.Qxb4 Nxb4 
23.Rc7 a6 24.Rxb7 Nbc6 25.Rb6 O-O 26.Rxa6 Rc8 
27.Rb6 Ra8 28.Kf1 Rxa4 29.Ke2 h6 30.Kd3 Ra3+ 
31.Ke2 Kf8 32.Rb2 Nf5 33.Rd2 Ke7 34.g4 Nfxd4+ 
35.Nxd4 Nxd4+ 36.Rxd4 Rh3 37.Rd1 Rxh2 38.Kf3 Rh3+ 
39.Kg2 Rc3 40.f3 Re3 41.f4 f6 42.exf6+ Kxf6 43.Kf2 
Re4 44.Kf3 g6 45.Rh1 Kg7 46.Rg1 g5 47.fxg5 hxg5 
48.Rc1 Kf6 49.Rc6 Rf4+ 50.Kg3 Ke5 51.Rb6 d4 52.Rc6 
Kd5 53.Ra6 d3 54.Rb6 d2 55.Rb1 Kd4 56.Rd1 
Kd3 0-1

[Event "HCL-B3857"]
[Site "www.playchess.de"]
[Date "2006.01.31"]
[Round "6"]
[White "Sporang"]
[Black "Rale"]
[WhiteElo "1026"]
[BlackElo "1902"]
[PlyCount "66"]
[Result "0-1"]

1.e4 e6 2.d4 b6 3.Nf3 Bb7 4.e5 d6 5.Be2 Nd7 6.Bf4 
dxe5 7.dxe5 Ne7 8.O-O Ng6 9.Bg3 Rb8 10.c3 Be7 
11.Nbd2 O-O 12.Re1 c5 13.Qc2 Qc8 14.Rad1 Bd5 15.c4 
Bc6 16.Bd3 Re8 17.Bxg6 hxg6 18.Ne4 Nf8 19.Nfg5 Qb7 
20.Nxf7 Kxf7 21.Bh4 Bxe4 22.Rxe4 Red8 23.Rf4+ Kg8 
24.Rxd8 Rxd8 25.Bxe7 Qxe7 26.h4 g5 27.hxg5 Qxg5 
28.Qe4 Rd4 29.Rxf8+ Kxf8 30.Qa8+ Rd8 31.Qf3+ Kg8 
32.Qe4 Rd4 33.Qa8+ Kh7 0-1

[Event "ACL-A639"]
[Site "www.playchess.de"]
[Date "2006.01.31"]
[Round "3"]
[White "Eishockeytorwart"]
[Black "pavalinto"]
[WhiteElo "1500"]
[BlackElo "1673"]
[PlyCount "43"]
[Result "1-0"]

1.e4 {welcome from germany}  e5 {Greetings From 
Brooklym New York and Good Luck!}  2.Nf3 Nc6 3.Bb5 
a6 4.Bxc6 dxc6 5.O-O Qd6 6.d3 Ne7 7.Nbd2 f6 8.Nc4 
Qd8 9.d4 Ng6 10.dxe5 Qxd1 11.Rxd1 b5 12.Na5 c5 
13.exf6 gxf6 14.h3 Bd6 15.a4 Bd7 16.Nb7 Ke7 17.Be3 
c4 18.Bc5 Bxc5 19.Nxc5 Rhd8 20.Rxd7+ Rxd7 21.Nxd7 
Kxd7 22.axb5 1-0

[Event "HCL-E1548"]
[Site "www.playchess.de"]
[Date "2006.01.31"]
[Round "4"]
[White "redstar"]
[Black "Eyechess"]
[WhiteElo "1737"]
[BlackElo "2023"]
[PlyCount "60"]
[Result "0-1"]

1.e4 g6 {Greetings}  2.d4 {Hello!}  Bg7 3.Nf3 c6 
4.c4 d5 5.Nc3 dxe4 6.Nxe4 Bg4 7.Be3 Nh6 8.h3 Bxf3 
9.gxf3 Nf5 10.d5 cxd5 11.cxd5 Nd7 12.Qb3 O-O 
13.Be2 Qa5+ 14.Bd2 Qb6 15.Qxb6 Nxb6 16.Bc3 Nxd5 
17.Bxg7 Kxg7 18.Bc4 Nf4 19.Kf1 Rac8 20.Bb3 Nd4 
21.Bd1 f5 22.Nc3 Rfd8 23.Kg1 b5 24.a3 Nde6 25.Nxb5 
Rcb8 26.Nxa7 Rxb2 27.Nc6 Rdd2 28.Rh2 Ng5 29.Kf1 
Ngxh3 30.a4 Rdxf2+ 0-1

[Event "HCL-C4066"]
[Site "www.playchess.de"]
[Date "2006.01.31"]
[Round "8"]
[White "daveboy6968"]
[Black "tbouma"]
[WhiteElo "1008"]
[BlackElo "1163"]
[PlyCount "76"]
[Result "0-1"]

1.e4 {hi good luck + happy new year :-)}  e5 
{greetings from canada!}  2.Bc4 {:-)}  Nf6 3.d3 
Nc6 4.c3 Bc5 5.Bg5 O-O 6.Nf3 d6 7.Bd5 h6 8.Bxf6 
Qxf6 9.O-O Bg4 10.h3 Bh5 11.g4 Bg6 12.Bxc6 bxc6 
13.h4 Rab8 14.b3 d5 15.exd5 cxd5 16.c4 d4 17.Nbd2 
Bxd3 18.Re1 Rfe8 19.Ne4 Bxe4 20.Rxe4 Qg6 21.Qd3 h5 
22.g5 f6 23.Ne1 Qf5 24.Ng2 Bb4 25.Rf1 Ref8 26.f3 
Bd6 27.f4 Qd7 28.f5 fxg5 29.hxg5 Rxf5 30.g6 Rbf8 
31.Rxf5 Qxf5 32.Nh4 Qg5+ 33.Kh1 Qc1+ 34.Kg2 Qg5+ 
35.Kh1 Rf2 36.a4 Qc1+ 37.Re1 Qxe1+ 38.Qf1 {well 
played :-)}  Qxf1+ {thanks!}  0-1